000 00293nam a22001337a 4500
008 170418b xxu||||| |||| 00| 0 eng d
020 _a9780815190356
041 _aeng
080 _a579
100 _a11
101 _aSHM
245 _aMEDICAL MICROBIOLOGY
_cMURRAY.P.R
942 _2udc
_cBK
999 _c10976
_d10976